| 000 | 00652nam a22001937a 4500 | ||
|---|---|---|---|
| 999 |
_c16845 _d16845 |
||
| 003 | AR-CdUCM | ||
| 008 | 190506b ||||| |||| 00| 0 spa d | ||
| 040 |
_aMUNICIPALIDAD PROVINCIAL DEL CUSCO _cBIBLIOTECA MUNICIPAL DEL CUSCO |
||
| 082 |
_a610.93 / _bH57 |
||
| 100 |
_aHipocrates _936545 |
||
| 245 | _aAforismos y sentencias / | ||
| 260 |
_aBuenos Aires : _bEdit. Tor, |
||
| 300 |
_a157 paginas ; _c18 cm. |
||
| 505 | _aContenido :Hipocrates --El juramento --La ley --Aforismos de hipocrates --Pronosticos de hipocrates ... | ||
| 650 |
_aHipocrates _936546 |
||
| 650 |
_aCasos elinicos _936547 |
||
| 942 |
_2ddc _cLIBROS |
||
| 945 |
_arjall _d2019-05-06 |
||